000 00746nam a2200205 a 4500
003 0
005 20250226084102.0
008 100827s19uu xx 00 eng d
050 _aPGS GV 342.27
_b.Am491 2010
100 _aAmbatali, Wuren-Voe.
245 _aTypes of sports and decision making skills /
_cWuren-Voe Ambatali.
260 _aLas PiƱas City, Philippines :
_bSouthville International School and Colleges,
_c2010.
300 _a32 pages :
_billustrations ;
_c28 cm.
504 _aIncludes bibliographical references.
650 _aSports
_vPsychological aspects.
650 _aAthletes
_vDecision making.
650 _aSchool sports
_vPsychological aspects.
650 _aTeam sports
_vPsychological aspects.
942 _2lcc
_cPASS
999 _c98352
_d98352